[Event "Mistrzostwa Polski Juniorow do lat 16 - Dziewczeta"]
[Site "Szklarska Poreba"]
[Date "1899-12-30"]
[Round "7.20"]
[White "Zajac, Aleksandra"]
[Black "Bugaj, Hanna"]
[Result "0-1"]
[WhiteTitle "II"]
[BlackTitle "I+"]
[WhiteElo "1180"]
[BlackElo "1556"]

1. d4 Nf6 2. Nf3 d5 3. Bf4 c5 4. e3 Nc6 5. Nbd2 Qb6 6. dxc5 Qxc5 7. Nb3 Qb6 8.
c3 e6 9. Qc2 Be7 10. Bd3 Bd7 11. h3 Rc8 12. Ne5 Nb4 13. Qd2 Nxd3+ 14. Nxd3 Ne4
15. Qe2 O-O 16. O-O f6 17. Bh2 a5 18. Rfd1 a4 19. Nd2 Bb5 20. a3 Nc5 21. Nf3 Bxd3
22. Rxd3 Nxd3 23. Qxd3 Qxb2 24. Rf1 Qxc3 25. Qxc3 Rxc3 26. Nd4 Kf7 27. Nb5 Rb3
28. Nd6+ Bxd6 29. Bxd6 Rc8 30. Bb4 Rc4 31. Bd6 Rbc3 32. Kh2 Rc1 33. Rxc1 Rxc1
34. Kg3 e5 35. Bb4 Ke6 36. Kf3 Rc4 37. Bf8 g6 38. Kg3 d4 39. exd4 exd4 40. Kf3
Kd5 41. Ke2 Rc2+ 42. Ke1 d3 43. Bb4 Kc4 44. g3 Rb2 45. Be7 0-1

[Event "Mistrzostwa Polski Juniorow do lat 16 - Dziewczeta"]
[Site "Szklarska Poreba"]
[Date "1899-12-30"]
[Round "7.21"]
[White "Bartoszek, Julia"]
[Black "Buchta, Alicja"]
[Result "1/2-1/2"]
[WhiteTitle "II+"]
[BlackTitle "II"]
[WhiteElo "1267"]
[BlackElo "1162"]

1. d4 d5 2. c4 e6 3. Nc3 Nf6 4. Bf4 a6 5. e3 Bd6 6. Bxd6 Qxd6 7. Nf3 b6 8. a3 Bb7
9. Be2 Nbd7 10. O-O O-O 11. cxd5 Nxd5 12. Nxd5 exd5 13. Rc1 Rac8 14. Qd2 Nf6 15.
Bd3 Ne4 16. Bxe4 dxe4 17. Ne5 b5 18. Qb4 f6 19. Qxd6 cxd6 20. Nd7 Rfd8 21. Nb6
Rxc1 22. Rxc1 Rf8 23. Rc3 h6 24. Kf1 Rf7 25. Ke2 Kf8 26. a4 bxa4 27. Nxa4 Ke8
28. f3 Kd8 29. Rb3 Rc7 30. Rc3 Rxc3 31. Nxc3 1/2-1/2

[Event "Mistrzostwa Polski Juniorow do lat 16 - Dziewczeta"]
[Site "Szklarska Poreba"]
[Date "1899-12-30"]
[Round "7.22"]
[White "Rozumek, Paulina"]
[Black "Pieczewska, Gabriela"]
[Result "0-1"]
[WhiteTitle "II+"]
[BlackTitle "I"]
[WhiteElo "1091"]
[BlackElo "1172"]

1. Nf3 e6 2. e4 d5 3. exd5 exd5 4. b3 Nf6 5. Bb2 Bd6 6. Be2 Bg4 7. O-O Nbd7 8.
d4 O-O 9. c4 b6 10. Nc3 c6 11. cxd5 Nxd5 12. Nxd5 cxd5 13. Re1 Re8 14. Ne5 Nxe5
15. dxe5 Bxe2 16. Rxe2 Bc5 17. Qd3 Qd7 18. Rd1 Rad8 19. Red2 Qe6 20. Qb5 Re7 21.
h3 Red7 22. b4 Be7 23. Rd3 h6 24. Rg3 Bg5 25. Qe2 Re8 26. Rd4 Qxe5 27. Qxe5 Rxe5
28. h4 Bf6 29. Rd1 Re6 30. Bxf6 Rxf6 31. Rd4 Re6 32. Rgd3 Red6 33. g3 f6 34. f4
Rc6 35. Rd2 Rc3 36. R4d3 Rxd3 37. Rxd3 Kf7 38. Rd4 Ke6 39. g4 Rc7 40. a4 Rc4 41.
Rxc4 dxc4 42. Kf2 Kd5 43. Ke3 c3 44. Kd3 c2 45. Kxc2 Kc4 46. b5 Kb4 47. Kd3 Kxa4
48. Kc4 Ka5 49. g5 hxg5 50. hxg5 fxg5 51. fxg5 g6 52. Kd5 Kxb5 53. Ke6 a5 54.
Kf6 a4 55. Kxg6 a3 56. Kh7 a2 0-1

[Event "Mistrzostwa Polski Juniorow do lat 16 - Dziewczeta"]
[Site "Szklarska Poreba"]
[Date "1899-12-30"]
[Round "8.1"]
[White "Mirowska, Oliwia"]
[Black "Dylag, Emilia"]
[Result "1-0"]
[WhiteTitle "k"]
[BlackTitle "k+"]
[WhiteElo "1840"]
[BlackElo "2083"]

1. e4 c5 2. Nc3 a6 3. d4 cxd4 4. Qxd4 Nc6 5. Qd2 e6 6. b3 Nf6 7. Bb2 Bb4 8. f3
d5 9. exd5 Nxd5 10. a3 Bxc3 11. Bxc3 Nxc3 12. Qxc3 O-O 13. Nh3 e5 14. Nf2 Be6
15. Bd3 Rc8 16. Qb2 Nd4 17. O-O f5 18. Rae1 Qf6 19. Nd1 b5 20. b4 Rfd8 21. Rf2
Rd6 22. Qc1 f4 23. Qb2 Qg5 24. Nc3 Rxc3 25. Qxc3 Rc6 26. Qd2 Bd5 27. Qd1 Rh6 28.
c3 Ne6 29. Bxh7+ Kxh7 30. Qxd5 Qh4 31. Qxe5 Qxh2+ 32. Kf1 Nc7 33. Qf5+ Kh8 34.
Re7 Qh1+ 35. Ke2 Rf6 36. Qc8+ Kh7 37. Rxc7 Qc1 38. Qh3+ Rh6 39. Qf5+ Rg6 40. Qd3
Qb2+ 41. Ke1 Qc1+ 42. Qd1 Qe3+ 43. Kf1 Qb6 44. Rc5 Rh6 45. Qd3+ 1-0

[Event "Mistrzostwa Polski Juniorow do lat 16 - Dziewczeta"]
[Site "Szklarska Poreba"]
[Date "1899-12-30"]
[Round "8.2"]
[White "Wikar, Martyna"]
[Black "Adamczyk, Zuzanna"]
[Result "1-0"]
[WhiteTitle "k+"]
[BlackTitle "k"]
[WhiteElo "2061"]
[BlackElo "1979"]

1. e4 g6 2. d4 Bg7 3. Be3 d6 4. Nc3 a6 5. h4 h5 6. Qd2 b5 7. a3 Nd7 8. Rd1 Bb7
9. Nh3 Rc8 10. Ng5 e6 11. Be2 Ne7 12. O-O d5 13. exd5 Nxd5 14. Nxd5 Bxd5 15. b3
Nb6 16. Rc1 Bb7 17. c4 bxc4 18. bxc4 Qd7 19. d5 O-O 20. dxe6 Qxd2 21. Bxd2 f6
22. Bf3 c6 23. Ne4 f5 24. e7 Rfe8 25. Nd6 Rxe7 26. Nxc8 Nxc8 27. Bb4 Rc7 28. Rcd1
Bf6 29. Ba5 Rf7 30. Bd8 Bb2 31. a4 Kf8 32. Rfe1 Ba3 33. Re6 Ne7 34. Bxe7+ Bxe7
35. Bxc6 Bc8 36. Re2 Bxh4 37. Re8+ 1-0

[Event "Mistrzostwa Polski Juniorow do lat 16 - Dziewczeta"]
[Site "Szklarska Poreba"]
[Date "1899-12-30"]
[Round "8.3"]
[White "Goraj, Barbara"]
[Black "Czarnecka, Lidia"]
[Result "1-0"]
[WhiteTitle "WCM"]
[BlackTitle "I++"]
[WhiteElo "2115"]
[BlackElo "1874"]

1. e4 c5 2. Nf3 e6 3. d4 cxd4 4. Nxd4 Nf6 5. Nc3 d6 6. Be2 a6 7. O-O Qc7 8. f4
Nbd7 9. a4 b6 10. Kh1 Bb7 11. Bf3 Be7 12. Qe2 O-O 13. g4 Nc5 14. g5 Ne8 15. Be3
Rc8 16. Rg1 e5 17. Nf5 Bd8 18. Nd5 Bxd5 19. exd5 a5 20. b3 Kh8 21. Rad1 Nd7 22.
c4 g6 23. Nh6 f5 24. gxf6 Bxf6 25. f5 gxf5 26. Nxf5 Ng7 27. Be4 Nc5 28. Bxc5 bxc5
29. Nxg7 Bxg7 30. Qh5 Bf6 31. Rdf1 Qe7 32. Rf3 Rf7 33. Rgf1 Rcf8 34. Qh6 Kg8 35.
Rg3+ Kh8 36. Rgf3 Kg8 37. h3 Kh8 38. R3f2 Kg8 39. Kh2 Kh8 40. Kh1 Kg8 41. Kh2
Kh8 42. h4 Kg8 43. Bf5 Kh8 44. Be4 Kg8 45. Rf3 Kh8 46. R1f2 Kg8 47. Kg2 Kh8 48.
Kh1 Kg8 49. Kh2 Kh8 50. Kg2 Kg8 51. Kf1 Kh8 52. Ke2 Kg8 53. Rf1 Kh8 54. R3f2 Kg8
55. Bf5 Kh8 56. Be4 Kg8 57. Rf5 Kh8 58. R5f3 Kg8 59. Kd1 Kh8 60. R3f2 Kg8 61.
Bf5 Kh8 62. Bg6 Bg5 63. Qxf8+ Rxf8 64. Rxf8+ Kg7 65. R1f7+ Kxg6 66. Rxe7 Bxe7
67. Ra8 Bxh4 68. Rxa5 Be7 69. Ra7 Kf7 70. a5 h5 71. a6 h4 72. Rxe7+ Kxe7 73. a7
1-0

[Event "Mistrzostwa Polski Juniorow do lat 16 - Dziewczeta"]
[Site "Szklarska Poreba"]
[Date "1899-12-30"]
[Round "8.4"]
[White "Sloniewska, Alicja"]
[Black "Lochina, Justyna"]
[Result "0-1"]
[WhiteTitle "I++"]
[BlackTitle "I"]
[WhiteElo "1723"]
[BlackElo "1467"]

1. d4 d5 2. c4 e6 3. Nc3 c5 4. cxd5 exd5 5. Nf3 Nc6 6. g3 Nf6 7. Bg2 Be7 8. O-O
Be6 9. Bg5 Ne4 10. Bxe7 Qxe7 11. Rc1 Nxc3 12. Rxc3 c4 13. Qd2 O-O 14. Ne5 Rac8
15. b3 Nxe5 16. dxe5 Rfd8 17. bxc4 dxc4 18. Qb2 Rc7 19. a4 Qc5 20. h4 Rcd7 21.
Rcc1 b6 22. Bf3 Rd2 23. Qc3 Qd4 24. Qb4 Qxe5 25. Rxc4 Bxc4 26. Qxc4 R2d4 27. Qc2
Qc5 28. Qa2 Qc4 29. Qxc4 Rxc4 30. Ra1 a5 31. e3 Rd2 32. Rb1 Rxa4 33. Rxb6 Rd8
34. Kg2 Ra2 35. Bd5 Rd2 36. e4 Kf8 37. Rb5 a4 38. Ra5 Rd4 39. Bc6 Rc8 40. Rxa4
Rxa4 41. Bxa4 Rc4 42. Bb3 Rxe4 43. Bc2 Rc4 44. Bf5 g6 45. Bd3 Rc3 46. Be2 Ke7
47. Bf3 Kd6 48. h5 Ke5 49. hxg6 hxg6 50. Bb7 g5 51. f3 Rb3 52. Ba6 Kd4 53. Bc8
Ke3 54. Bg4 Rb2+ 55. Kh3 Rf2 56. Bh5 Rxf3 57. Kg4 f6 0-1

[Event "Mistrzostwa Polski Juniorow do lat 16 - Dziewczeta"]
[Site "Szklarska Poreba"]
[Date "1899-12-30"]
[Round "8.5"]
[White "Kroliczek, Gabriela"]
[Black "Zarebska, Lena"]
[Result "1-0"]
[WhiteTitle "k"]
[BlackTitle "I++"]
[WhiteElo "1994"]
[BlackElo "1845"]

1. e4 c5 2. Nc3 Nc6 3. Bb5 Nd4 4. Nf3 g6 5. Bc4 Bg7 6. Nxd4 cxd4 7. Qf3 Nh6 8.
Ne2 O-O 9. d3 Ng4 10. Bb3 d6 11. Qg3 a5 12. a4 Nf6 13. h4 Kh8 14. f3 Nh5 15. Qf2
f5 16. Nxd4 fxe4 17. dxe4 Nf6 18. Qe3 e5 19. Nb5 d5 20. Bxd5 Nxd5 21. exd5 Bf5
22. c3 Rc8 23. d6 Bd7 24. Qd3 Bf6 25. Be3 Bxh4+ 26. Kd2 Bf5 27. Qd5 Rc6 28. Qxe5+
Bf6 29. Qd5 Re8 30. Rxh7+ Kxh7 31. Qf7+ Kh8 32. Rh1+ Bh4 33. Bd4+ 1-0

[Event "Mistrzostwa Polski Juniorow do lat 16 - Dziewczeta"]
[Site "Szklarska Poreba"]
[Date "1899-12-30"]
[Round "8.6"]
[White "Wawrzyniak, Weronika"]
[Black "Hertlein, Irena"]
[Result "1/2-1/2"]
[WhiteTitle "I+"]
[BlackTitle "k"]
[WhiteElo "1648"]
[BlackElo "1910"]

1. d4 d5 2. c4 e6 3. Nf3 c5 4. cxd5 exd5 5. Nc3 Nc6 6. e3 c4 7. Be2 Nf6 8. O-O
Bb4 9. Bd2 Bxc3 10. Bxc3 O-O 11. a4 Ne4 12. Nd2 Nxc3 13. bxc3 f5 14. f4 Re8 15.
Rf3 Be6 16. Rg3 Bf7 17. Bh5 g6 18. Be2 Kh8 19. Rh3 a6 20. g4 b5 21. axb5 axb5
22. Rxa8 Qxa8 23. gxf5 gxf5 24. Bh5 Rg8+ 25. Kf2 Bxh5 26. Qxh5 Rg7 27. Qxf5 b4
28. cxb4 Nxb4 29. Rg3 Rxg3 30. hxg3 c3 31. Qf6+ Kg8 32. Qe6+ Kh8 1/2-1/2

[Event "Mistrzostwa Polski Juniorow do lat 16 - Dziewczeta"]
[Site "Szklarska Poreba"]
[Date "1899-12-30"]
[Round "8.7"]
[White "Czernikowska, Laura"]
[Black "Krzyzosiak, Anna"]
[Result "1/2-1/2"]
[WhiteTitle "WCM"]
[BlackTitle "I++"]
[WhiteElo "1427"]
[BlackElo "1629"]

1. d4 Nf6 2. c4 g6 3. Nf3 Bg7 4. Nc3 d6 5. e3 O-O 6. Be2 Nbd7 7. O-O e5 8. b4 Re8
9. Bb2 e4 10. Nd2 Nf8 11. a4 h5 12. Re1 N8h7 13. b5 Bf5 14. a5 Ng5 15. Bf1 Bg4
16. Be2 Bf5 17. Bf1 Ng4 18. Nd5 Ne6 19. h3 Nh6 20. a6 b6 21. Rc1 Qg5 22. Kh2 Rac8
23. Nb4 Nd8 24. Ba1 Bg4 25. Be2 Qh4 26. Nf1 Ne6 27. Ng3 Ng5 28. Rh1 f5 29. Kg1
Bxe2 30. Nxe2 Nf3+ 31. gxf3 exf3 32. Ng3 Qg5 33. Qxf3 h4 34. Kh2 hxg3+ 35. Qxg3
Qh5 36. Kg2 Nf7 37. Rce1 Ng5 38. f3 Ne6 39. Nc6 Ra8 40. Kf2 g5 41. Rhg1 f4 42.
Qg4 fxe3+ 43. Rxe3 Qg6 44. Qe4 Qf7 45. Qd5 Nf4 46. Qxf7+ Kxf7 47. Rge1 Rxe3 48.
Rxe3 Bf6 49. h4 gxh4 50. Re4 Ne6 51. Rg4 1/2-1/2

[Event "Mistrzostwa Polski Juniorow do lat 16 - Dziewczeta"]
[Site "Szklarska Poreba"]
[Date "1899-12-30"]
[Round "8.8"]
[White "Pisarek, Elzbieta"]
[Black "Matyjasek, Michalina"]
[Result "1/2-1/2"]
[WhiteTitle "I"]
[BlackTitle "I"]
[WhiteElo "1624"]
[BlackElo "1393"]

1. e4 c5 2. Nf3 Nc6 3. Bb5 d6 4. O-O g6 5. d4 Qa5 6. Bxc6+ bxc6 7. e5 d5 8. Bd2
Qb6 9. dxc5 Qxc5 10. Bc3 e6 11. b4 Qc4 12. a3 Nh6 13. Bb2 Bg7 14. Nbd2 Qa6 15.
Nb3 O-O 16. Nc5 Qb6 17. Re1 Rd8 18. Nd4 a5 19. Qd2 Nf5 20. Nxf5 exf5 21. Bd4 Qc7
22. c3 Re8 23. f4 Be6 24. Nb3 axb4 25. cxb4 Bf8 26. Qc3 Bd7 27. Rec1 Qb8 28. Nc5
Bxc5 29. Qxc5 Ra4 30. g3 Qb7 31. Qd6 Re6 32. Qc5 Re8 33. Rc2 Qa6 34. Qc3 Re6 35.
Kf2 Qb5 36. Ke3 Qa6 37. Kd2 Be8 38. Rca2 Bd7 39. Qc5 Re8 40. Qc3 Re6 41. h3 Re8
42. Re1 Qc4 43. Qb2 Be6 44. Rc1 Qa6 45. Raa1 Ra8 46. Rc3 Bd7 47. Re3 Be6 48. Ke1
Rb8 49. Rc1 Ra8 50. Rcc3 Qb7 51. Qc2 Bd7 52. Rcd3 Be6 53. Bb2 Qb5 54. Kf2 R4a6
55. Kf3 h5 56. Kf2 Rb8 57. Bd4 Rba8 58. Rc3 Bd7 59. Rc5 Qb7 60. Bb2 Qb6 61. Qc3
Be6 62. Kg2 Kh7 63. Re2 Qb7 64. Rc2 Rc8 65. Kh2 Rb6 66. Qd4 Rb5 67. Qc3 Rb6 68.
Qd3 Rb5 69. Qd4 Rb6 70. Ra5 Ra6 71. Rxa6 Qxa6 72. Kg2 Qb7 73. Qc5 Qb5 74. Qd4
Qb7 75. Rc5 Ra8 76. Qc3 Ra6 77. Qc2 Qb6 78. Qd3 Qa7 79. Qc2 Qb6 80. Qc1 Qb7 81.
Qe1 Rb6 82. Qc3 Ra6 83. Qb3 Rb6 84. Qa4 Qa6 85. Qxa6 Rxa6 86. Kf2 Kg8 87. Ke3
Kf8 88. Kd4 Bc8 89. Ra5 Ke8 90. a4 Rxa5 91. bxa5 Kd7 92. Kc5 Kc7 93. h4 Ba6 94.
Bd4 Bb7 95. Kb4 Ba6 96. Bb6+ Kd7 97. Kc5 Bb7 98. Ba7 Kc7 99. Kd4 Ba6 100. Bb6+
Kd7 101. Ke3 Bc4 102. Kd4 Ba6 103. Kc3 Bf1 104. Kb4 Ba6 105. Bc5 Kc7 106. Bd6+
Kb7 107. Bc5 Kc7 108. Bd6+ Kb7 109. Kc5 Be2 1/2-1/2

[Event "Mistrzostwa Polski Juniorow do lat 16 - Dziewczeta"]
[Site "Szklarska Poreba"]
[Date "1899-12-30"]
[Round "8.9"]
[White "Slusarczyk, Milena"]
[Black "Krzyzosiak, Marta"]
[Result "1-0"]
[WhiteTitle "I+"]
[BlackTitle "I++"]
[WhiteElo "1537"]
[BlackElo "1608"]

1. d4 Nf6 2. c4 g6 3. Nc3 Bg7 4. e4 d6 5. Be2 O-O 6. Bg5 Nbd7 7. Qd2 c5 8. d5 Nb6
9. f3 a6 10. g4 Qc7 11. h4 h5 12. gxh5 Nxh5 13. Bh6 f6 14. Bxg7 Kxg7 15. f4 Rh8
16. b3 Kf7 17. O-O-O Rh7 18. Nf3 Ng3 19. Rhg1 Nxe2+ 20. Qxe2 Nd7 21. f5 gxf5 22.
exf5 Nf8 23. Rdf1 b5 24. Ne4 bxc4 25. Nfg5+ fxg5 26. Nxg5+ Ke8 27. Nxh7 Nxh7 28.
Rg8+ Nf8 29. f6 Bh3 30. Rxf8+ Kxf8 31. fxe7+ Kg7 32. Rg1+ Kh6 33. Qe3+ Kh7 34.
Qe4+ Kh8 35. e8=R+ Rxe8 36. Qxe8+ 1-0

[Event "Mistrzostwa Polski Juniorow do lat 16 - Dziewczeta"]
[Site "Szklarska Poreba"]
[Date "1899-12-30"]
[Round "8.10"]
[White "Lukasik, Zuzanna"]
[Black "Kaznowska, Weronika"]
[Result "0-1"]
[WhiteTitle "I++"]
[BlackTitle "I+"]
[WhiteElo "1563"]
[BlackElo "1502"]

1. e4 Nc6 2. d4 d5 3. e5 Bf5 4. a3 e6 5. Nc3 f6 6. exf6 Qxf6 7. Be3 O-O-O 8. Qd2
Qf7 9. f4 Nf6 10. O-O-O Bd6 11. g3 Ne4 12. Nxe4 Bxe4 13. Bg2 Bxg2 14. Qxg2 Na5
15. Qd2 Nc4 16. Qd3 Qd7 17. Re1 Qb5 18. Qb3 Qa5 19. Nf3 h6 20. Bd2 Nxd2 21. Nxd2
g5 22. fxg5 hxg5 23. Qe3 Rdg8 24. Qxe6+ Kb8 25. Nb3 Qb5 26. Qe3 a5 27. Qc3 b6
28. Re3 Rh3 29. Qe1 Rgh8 30. Qf2 a4 31. Nd2 c5 32. Qf6 Bc7 33. dxc5 Qxc5 34. Rc3
Qb5 35. Re1 Rxh2 36. Qxg5 Re2 37. Rd1 Be5 38. Qe7 Bxc3 39. Qd6+ Kb7 40. bxc3 Rhe8
41. Nf3 Rxc2+ 42. Kxc2 Qb3+ 43. Kc1 Qxc3+ 44. Kb1 Qb3+ 45. Kc1 Rc8+ 46. Kd2 Rc2+
0-1

[Event "Mistrzostwa Polski Juniorow do lat 16 - Dziewczeta"]
[Site "Szklarska Poreba"]
[Date "1899-12-30"]
[Round "8.11"]
[White "Nowak, Roksana"]
[Black "Libura, Julianna"]
[Result "0-1"]
[WhiteTitle "I"]
[BlackTitle "I+"]
[WhiteElo "1412"]
[BlackElo "1558"]

1. e4 c5 2. c3 d5 3. e5 d4 4. d3 Nc6 5. Nf3 g6 6. Bf4 Bg7 7. h3 h5 8. Nbd2 Nh6
9. Nb3 b6 10. cxd4 cxd4 11. Nbxd4 Nxd4 12. Qa4+ Bd7 13. Qxd4 Nf5 14. Qd5 Rc8 15.
Ng5 e6 16. Qe4 Bc6 17. Qb4 Nd4 18. Rc1 Bf8 19. Qc3 Bb7 20. Qd2 Bb4 21. Qxb4 Rxc1+
22. Kd2 Qc7 23. Bh2 Qc2+ 24. Ke3 Nf5+ 25. Kf4 Qxf2+ 26. Nf3 Qe3# 0-1

[Event "Mistrzostwa Polski Juniorow do lat 16 - Dziewczeta"]
[Site "Szklarska Poreba"]
[Date "1899-12-30"]
[Round "8.12"]
[White "Siekanska, Zuzanna"]
[Black "Kieca, Aleksandra"]
[Result "1-0"]
[WhiteTitle "I++"]
[BlackTitle "I+"]
[WhiteElo "1696"]
[BlackElo "1614"]

1. d4 d5 2. c4 e6 3. Nc3 a6 4. cxd5 exd5 5. Nf3 Nf6 6. Bg5 Be6 7. Bxf6 Qxf6 8.
Qb3 Ra7 9. g3 Qd8 10. h4 Be7 11. Bg2 c6 12. Rd1 Nd7 13. O-O O-O 14. Qc2 Nf6 15.
Ng5 Bd7 16. Rfe1 h6 17. Nf3 Qc8 18. Ne5 Bf5 19. Qb3 Bd6 20. e4 dxe4 21. Nxe4 Bxe4
22. Bxe4 c5 23. Nc4 Bb8 24. d5 b5 25. Na5 Bd6 26. Bg2 Re8 27. Nc6 Rc7 28. Re3
Rxe3 29. Qxe3 Ng4 30. Qf3 Ne5 31. Nxe5 Bxe5 32. d6 Ra7 33. Qd5 Bxb2 34. d7 Qd8
35. Bh3 Bf6 36. Qxc5 Ra8 37. Re1 Qf8 38. Qc6 Rd8 39. Re8 1-0

[Event "Mistrzostwa Polski Juniorow do lat 16 - Dziewczeta"]
[Site "Szklarska Poreba"]
[Date "1899-12-30"]
[Round "8.13"]
[White "Bienko, Jagoda"]
[Black "Zniszczol, Wiktoria"]
[Result "0-1"]
[WhiteTitle "I"]
[BlackTitle "I+"]
[WhiteElo "1356"]
[BlackElo "1627"]

1. d4 Nf6 2. c4 c5 3. d5 b5 4. cxb5 a6 5. b6 g6 6. Nc3 d6 7. e4 Bg7 8. Nf3 O-O
9. Be2 Qxb6 10. O-O a5 11. Nd2 Ba6 12. f4 Nfd7 13. Nc4 Qc7 14. Be3 Nb6 15. Nxb6
Qxb6 16. Qc2 Bxe2 17. Qxe2 Na6 18. Rac1 Rab8 19. Rf2 Nb4 20. f5 Qa6 21. Qxa6 Nxa6
22. fxg6 hxg6 23. a3 Rb3 24. Na4 Rxe3 25. Rc4 Re1+ 26. Rf1 Bd4+ 0-1

[Event "Mistrzostwa Polski Juniorow do lat 16 - Dziewczeta"]
[Site "Szklarska Poreba"]
[Date "1899-12-30"]
[Round "8.14"]
[White "Marcinczyk, Monika"]
[Black "Franek, Diana"]
[Result "1-0"]
[WhiteTitle "WCM"]
[BlackTitle "I"]
[WhiteElo "2009"]
[BlackElo "1362"]

1. e4 b6 2. d4 Bb7 3. Bd3 g6 4. Nf3 Bg7 5. O-O e6 6. Bg5 Ne7 7. c3 f6 8. Bh4 O-O
9. Re1 d6 10. Nbd2 Nd7 11. Qb3 d5 12. exd5 exd5 13. Re2 Nc8 14. Rae1 Nd6 15. Bg3
Nf7 16. c4 c6 17. Re7 Ba6 18. Qa3 Qc8 19. Rxd7 Qxd7 20. Qxa6 dxc4 21. Qxc4 Rfe8
22. Rc1 Rac8 23. Ne4 Qe6 24. Qa4 Qd7 25. Qb3 Kf8 26. h4 b5 27. h5 f5 28. Qb4+
Kg8 29. Nc5 Qd8 30. Bc2 a5 31. Qc3 Bh6 32. Rd1 a4 33. b3 axb3 34. Bxb3 Re7 35.
Bh4 g5 36. Nxg5 Bxg5 37. Bxg5 Qe8 38. Bxe7 Qxe7 39. Re1 Qg5 40. Nd7 Rc7 41. Re8+
Kg7 42. d5+ Kh6 43. Re6+ Kxh5 44. Bd1+ 1-0

[Event "Mistrzostwa Polski Juniorow do lat 16 - Dziewczeta"]
[Site "Szklarska Poreba"]
[Date "1899-12-30"]
[Round "8.15"]
[White "Trzaskowska, Hanna"]
[Black "Czerwinska, Oliwia"]
[Result "1/2-1/2"]
[WhiteTitle "I"]
[BlackTitle "I"]
[WhiteElo "1604"]
[BlackElo "1355"]

1. e4 e5 2. Nf3 Nc6 3. Nc3 Nf6 4. d4 exd4 5. Nxd4 Bb4 6. Nxc6 Bxc3+ 7. bxc3 bxc6
8. Bd3 h6 9. O-O O-O 10. e5 Nd5 11. Qh5 f5 12. Bxf5 Ne7 13. Bd3 Qe8 14. Qxe8 Rxe8
15. c4 d6 16. exd6 cxd6 17. Bf4 Rd8 18. Rfe1 Kf8 19. h3 g5 20. Bh2 a6 21. f4 Ra7
22. fxg5 hxg5 23. Rab1 Kf7 24. Rf1+ Kg7 25. Rf3 Ng6 26. Bxg6 Kxg6 27. Rbf1 Rad7
28. Rf6+ Kg7 29. R6f5 Kg6 30. Rf6+ Kg7 31. R6f5 Kg6 32. Rf6+ Kg7 33. R6f5 1/2-1/2

[Event "Mistrzostwa Polski Juniorow do lat 16 - Dziewczeta"]
[Site "Szklarska Poreba"]
[Date "1899-12-30"]
[Round "8.16"]
[White "Jedrzejko, Martyna"]
[Black "Retz, Agnieszka"]
[Result "1-0"]
[WhiteTitle "I"]
[BlackTitle "II+"]
[WhiteElo "1597"]
[BlackElo "1240"]

1. e4 c5 2. Nf3 e6 3. d4 cxd4 4. Nxd4 a6 5. Bd3 Qc7 6. O-O Nf6 7. c4 Be7 8. Nc3
O-O 9. Be3 d6 10. f4 Nbd7 11. Kh1 e5 12. Nf5 Nc5 13. Bc2 Bxf5 14. exf5 Rad8 15.
Nd5 Nxd5 16. Qxd5 Bf6 17. fxe5 Bxe5 18. Bd4 Bxd4 19. Qxd4 f6 20. Rad1 b6 21. b4
Nb7 22. Be4 Kh8 23. Bd5 a5 24. a3 Rfe8 25. Be6 Re7 26. Rf3 Rde8 27. Rfd3 h6 28.
Re3 Kh7 29. h3 Kh8 30. Qd5 Kh7 31. g4 g6 32. fxg6+ Kxg6 33. Rf1 Rf8 34. Rfe1 Nd8
35. Bf5+ 1-0

[Event "Mistrzostwa Polski Juniorow do lat 16 - Dziewczeta"]
[Site "Szklarska Poreba"]
[Date "1899-12-30"]
[Round "8.17"]
[White "Wojtas, Julia"]
[Black "Bugaj, Hanna"]
[Result "1-0"]
[WhiteTitle "I"]
[BlackTitle "I+"]
[WhiteElo "1448"]
[BlackElo "1556"]

1. e4 e6 2. d4 d5 3. Nc3 Nf6 4. e5 Nfd7 5. f4 c5 6. Nce2 Nc6 7. Nf3 cxd4 8. Nexd4
Bc5 9. c3 O-O 10. g3 a6 11. Bh3 Nxd4 12. Nxd4 Qe7 13. O-O b5 14. Kh1 g6 15. Nc6
Qe8 16. b4 Bb6 17. f5 Bb7 18. Nd4 Bxd4 19. cxd4 Qe7 20. f6 Qxb4 21. Qd3 Qc4 22.
Qd2 Kh8 23. Rf4 Rg8 24. Rh4 g5 25. Rh5 Nxe5 26. dxe5 Qe4+ 27. Bg2 Qxe5 28. Bb2
Qf5 29. h4 Rac8 30. Rxg5 Rxg5 31. Qxg5 Qxg5 32. hxg5 Rc2 33. Be5 Kg8 34. Bf4 Kf8
35. Rc1 Rxc1+ 36. Bxc1 Ke8 37. Kg1 Kd7 38. Bf1 e5 39. Bh3+ Kd6 40. Ba3+ Kc7 41.
Bf5 Bc8 42. Bxh7 Be6 43. g6 fxg6 44. Bxg6 a5 45. f7 Bxf7 46. Bxf7 Kc6 47. Be8+
Kb6 48. Kf2 1-0

[Event "Mistrzostwa Polski Juniorow do lat 16 - Dziewczeta"]
[Site "Szklarska Poreba"]
[Date "1899-12-30"]
[Round "8.18"]
[White "Pawlak, Emilia"]
[Black "Pacho, Maria"]
[Result "1-0"]
[WhiteTitle "I"]
[BlackTitle "II"]
[WhiteElo "1514"]
[BlackElo "1229"]

1. d4 Nf6 2. c4 g6 3. Nc3 Bg7 4. e4 d6 5. f3 O-O 6. Be3 c6 7. Qd2 Re8 8. Nge2 Qc7
9. g4 Nbd7 10. Ng3 a6 11. h4 e5 12. d5 Kf8 13. Bh6 Bxh6 14. Qxh6+ Ke7 15. g5 Ng8
16. Qxh7 Qb6 17. O-O-O Qe3+ 18. Kb1 Qxf3 19. Rh3 Qf2 20. Nh1 Qf4 21. Rhd3 Nc5
22. R3d2 Nxe4 23. Nxe4 Qxe4+ 24. Bd3 Qe3 25. Bxg6 Rf8 26. Rf2 Kd8 27. dxc6 Kc7
28. Rxf7+ Rxf7 29. Qxf7+ Kxc6 30. Qd5+ Kb6 31. Qxd6+ Ka7 32. c5 Qf3 33. Bc2 e4
34. Qb6+ Kb8 35. c6 Qf7 36. Bxe4 Ra7 37. cxb7 Ra8 1-0

[Event "Mistrzostwa Polski Juniorow do lat 16 - Dziewczeta"]
[Site "Szklarska Poreba"]
[Date "1899-12-30"]
[Round "8.19"]
[White "Mytnik, Kinga"]
[Black "Grzyb, Anna"]
[Result "0-1"]
[WhiteTitle "I"]
[BlackTitle "I"]
[WhiteElo "1638"]
[BlackElo "1404"]

1. d3 e5 2. e4 Nc6 3. Nf3 Bc5 4. Be2 d6 5. c3 Nf6 6. Nbd2 Bg4 7. Nc4 h6 8. b4 Bb6
9. Nxb6 axb6 10. a3 O-O 11. h3 Bh5 12. g4 Bg6 13. g5 hxg5 14. Bxg5 d5 15. Nh4
dxe4 16. Nxg6 fxg6 17. Qb3+ Qd5 18. Qxd5+ Nxd5 19. c4 Ndxb4 20. O-O exd3 21. Bd1
Nc2 22. Bxc2 dxc2 23. Kg2 Ra4 24. Ra2 Rxc4 25. Rc1 Ra8 26. Bd2 Rca4 27. Raxc2
Rxa3 28. Rc4 R8a4 29. Kf1 Rxc4 30. Rxc4 Rxh3 31. Ra4 Rd3 32. Bg5 b5 33. Ra8+ Kf7
34. Ke2 Rd5 35. Ra1 Nd4+ 36. Kf1 c5 37. Ra7 Rd7 38. Bd2 Nc6 39. Ra2 b4 40. Be3
b3 41. Rb2 c4 42. Ke2 b5 0-1

[Event "Mistrzostwa Polski Juniorow do lat 16 - Dziewczeta"]
[Site "Szklarska Poreba"]
[Date "1899-12-30"]
[Round "8.20"]
[White "Pieczewska, Gabriela"]
[Black "Kudlak, Julia"]
[Result "0-1"]
[WhiteTitle "I"]
[BlackTitle "I"]
[WhiteElo "1172"]
[BlackElo "1612"]

1. c4 e5 2. g3 Nf6 3. Bg2 d5 4. cxd5 Nxd5 5. Nc3 Nb6 6. Nf3 Nc6 7. O-O Be7 8. a3
O-O 9. b4 Be6 10. b5 Nd4 11. Nxd4 exd4 12. Na4 Bd5 13. Nxb6 axb6 14. Bxd5 Qxd5
15. a4 c6 16. bxc6 bxc6 17. Bb2 c5 18. d3 Bg5 19. Qc2 Ra6 20. Ra3 Rfa8 21. Rfa1
Qe6 22. Kg2 Be7 23. Bc1 c4 24. R3a2 cxd3 25. Qxd3 Rxa4 26. Rxa4 Rxa4 27. Rxa4
Qc6+ 28. f3 Qxa4 29. Bf4 Bf6 30. Qf5 Qe8 31. Qd3 Qc6 32. Qb3 b5 33. Qb4 Qc4 34.
Qd2 h6 35. Bd6 Bg5 36. f4 Qd5+ 37. Kf2 Qxd6 38. fxg5 hxg5 39. Qxg5 b4 40. Qd2
Qc5 41. Ke1 Qc3 42. Qxc3 dxc3 0-1

[Event "Mistrzostwa Polski Juniorow do lat 16 - Dziewczeta"]
[Site "Szklarska Poreba"]
[Date "1899-12-30"]
[Round "8.21"]
[White "Buchta, Alicja"]
[Black "Zajac, Aleksandra"]
[Result "1/2-1/2"]
[WhiteTitle "II"]
[BlackTitle "II"]
[WhiteElo "1162"]
[BlackElo "1180"]

1. c4 c5 2. Nf3 Nc6 3. d4 cxd4 4. Nxd4 d6 5. Nc3 Nf6 6. e3 e6 7. Be2 Be7 8. O-O
O-O 9. b3 a6 10. Bb2 Re8 11. Bf3 Bd7 12. Qc2 Qc7 13. Rfd1 Ne5 14. Rd2 Bc6 15.
Bxc6 bxc6 16. Ne4 Ned7 17. Rad1 Rac8 18. Nxf6+ Nxf6 19. Nf3 h6 20. e4 d5 21. cxd5
cxd5 22. Qxc7 Rxc7 23. Bxf6 Bxf6 24. exd5 exd5 25. Rxd5 Rc2 26. Rd6 Rxa2 27. Kf1
Rb8 28. R1d3 Ra3 29. Ke2 Rbxb3 30. Rxb3 Rxb3 31. Rxa6 1/2-1/2

[Event "Mistrzostwa Polski Juniorow do lat 16 - Dziewczeta"]
[Site "Szklarska Poreba"]
[Date "1899-12-30"]
[Round "8.22"]
[White "Bartoszek, Julia"]
[Black "Rozumek, Paulina"]
[Result "1/2-1/2"]
[WhiteTitle "II+"]
[BlackTitle "II+"]
[WhiteElo "1267"]
[BlackElo "1091"]

1. d4 d5 2. c4 c6 3. cxd5 cxd5 4. Nc3 Nf6 5. Bf4 Nc6 6. e3 Bf5 7. a3 e6 8. Nf3
Bd6 9. Bxd6 Qxd6 10. Bd3 Bxd3 11. Qxd3 O-O 12. O-O e5 13. dxe5 Nxe5 14. Nxe5 Qxe5
15. Qe2 Rfd8 16. Rad1 Ne4 17. Nxe4 Qxe4 18. Rd4 Qe5 19. Rfd1 Rd7 20. Qb5 Rad8
21. e4 a6 22. Qe2 h6 23. Qg4 Re7 24. h3 Rde8 25. exd5 Qd6 26. Qg3 Qb6 27. R4d2
Re1+ 28. Rxe1 Rxe1+ 29. Kh2 Qc5 30. d6 Qc1 31. Qc3 Qb1 32. Rc2 Re6 33. Qc8+ Kh7
34. d7 Rd6 35. Re2 Qd3 36. Re7 Qd5 37. Qe8 Rg6 38. f3 Qd2 39. Re2 Qf4+ 40. Kg1
Qd4+ 41. Kh2 Qf4+ 42. Kg1 Qd4+ 43. Kh1 Qd1+ 44. Re1 Qd2 45. Re2 Qd1+ 1/2-1/2